=LDR 00000nam 2200000 4500 =001 INLIS000000000046297 =005 20161103113950.0 =006 =007 =008 =020 ##$$a 979-8804-09-0 =035 ##$$0010-031500000000069 =040 ##$$a Ind =082 ##$$a 612 =090 ##$$a 612$bLuc m.2 =100 ##$$a Lucia =245 ##$$a Mengenal tubuh manusia =250 ##$$a Cet.I-II =260 ##$$a Jakarata$Gravitri$c2007 =300 ##$$a 160hlm$c25cm =850 ##$$a NBPDMAT =990 ##$$a 0001/BPAP-NTB/20142015 =990 ##$$a 0001/BPAP-NTB/2015